000 00431nam a2200169Ia 4500
005 20250519005556.0
008 240331s9999 xx 000 0 und d
020 _a9555530629
082 _a300.1
_bAMA
100 _aAmarasekara, D
245 0 _aSamaja viddyawa :
_bsiddantha ha vidikkrama
250 _a3rd
260 _aVarakapola
_bArya Publishers
_c1994
300 _a178 p .,
500 _aA book on Social Science
942 _cL
999 _c982
_d982